[Event "RUS-chT Rapid Men 2018"]
[Site "Sochi"]
[Date "2018.10.09"]
[Round "8"]
[White "Savitskiy, Sergey"]
[Black "Pogromsky, Mikhail"]
[Result "1-0"]
[WhiteElo "2413"]
[BlackElo "2415"]
[Annotator "NA"]
[PlyCount "73"]
[EventDate "2018.10.05"]
[EventType "swiss"]
[EventCountry "RUS"]
[SourceTitle "playchess.com"]
[Source "ChessBase"]
[SourceQuality "1"]
[TimeControl "900+10"]

1. e4 {[%emt 0:00:00]} c5 {[%emt 0:00:05]} 2. Nf3 {[%emt 0:00:00]} a6 {[%emt 0:00:01]} 3. Nc3 {[%emt 0:00:00]} b6 {[%emt 0:00:45]} 4. d4 {[%emt 0:00:39]} cxd4 {[%emt 0:00:03]} 5. Nxd4 {[%emt 0:00:02]} Bb7 {[%emt 0:00:05]} 6. Qf3 {[%emt 0:00:10]} e6 {[%emt 0:00:25]} 7. Qg3 {[%emt 0:01:21]} d6 {[%emt 0:01:24]} 8. Bg5 {[%emt 0:01:45]} Nf6 {[%emt 0:01:06]} 9. O-O-O {[%emt 0:00:10]} Nbd7 {[%emt 0:00:43]} 10. f3 {[%emt 0:07:38]} Qc7 {[%emt 0:01:24]} 11. h4 {[%emt 0:00:44]} h5 {[%emt 0:01:36]} 12. Nb3 {[%emt 0:01:34]} b5 {[%emt 0:03:19]} 13. a3 {[%emt 0:00:09]} Ne5 {[%emt 0:01:20]} 14. Bf4 {[%emt 0:01:01]} O-O-O {[%emt 0:00:20]} 15. Qe1 {[%emt 0:01:02]} Be7 {[%emt 0:00:44]} 16. a4 {[%emt 0:00:45]} b4 {[%emt 0:00:57]} 17. Na2 {[%emt 0:00:01]} a5 {[%emt 0:00:04]} 18. Nd4 {[%emt 0:00:08]} d5 {[%emt 0:00:24]} 19. Kb1 {[%emt 0:00:26]} dxe4 {[%emt 0:00:34]} 20. Nc1 {[%emt 0:00:16]} Nd5 {[%emt 0:01:13]} 21. Bh2 {[%emt 0:00:15]} Bf6 {[%emt 0:00:10]} 22. fxe4 {[%emt 0:00:15]} Nc3+ {[%emt 0:01:06]} 23. bxc3 {[%emt 0:00:02]} bxc3 {[%emt 0:00:01]} 24. Ncb3 {[%emt 0:00:07]} Rd6 {[%emt 0:00:40]} 25. Nb5 {[%emt 0:00:12]} Rxd1+ {[%emt 0:00:02]} 26. Qxd1 {[%emt 0:00:00]} Qe7 {[%emt 0:00:02]} 27. Qe1 {[%emt 0:00:25]} Ng4 {[%emt 0:00:21]} 28. e5 {[%emt 0:00:07]} Bxh4 {[%emt 0:00:03]} 29. Qxc3+ {[%emt 0:00:02]} Kb8 {[%emt 0:00:01]} 30. Bg1 {[%emt 0:00:13]} Bf2 {[%emt 0:00:10]} 31. Qxa5 {[%emt 0:00:10]} Bxg1 {[%emt 0:00:07]} 32. Rxg1 {[%emt 0:00:01]} Nxe5 {[%emt 0:00:16]} 33. Qa7+ {[%emt 0:00:21]} Kc8 {[%emt 0:00:01]} 34. a5 {[%emt 0:00:15]} Nc6 {[%emt 0:00:32]} 35. Qb6 {[%emt 0:00:01]} Rd8 {[%emt 0:00:07]} 36. Be2 {[%emt 0:00:03]} Qb4 {[%emt 0:00:31]} 37. Qc7# {[%emt 0:00:07]} 1-0

[Event "RUS-chT Rapid Men 2018"]
[Site "Sochi"]
[Date "2018.10.09"]
[Round "8"]
[White "Sergeyev, Alexander"]
[Black "Dilmukhametov, Artur"]
[Result "1-0"]
[WhiteElo "2397"]
[BlackElo "2353"]
[Annotator "NA"]
[PlyCount "87"]
[EventDate "2018.10.05"]
[EventType "swiss"]
[EventCountry "RUS"]
[SourceTitle "playchess.com"]
[Source "ChessBase"]
[SourceQuality "1"]
[TimeControl "900+10"]

1. Nf3 {[%emt 0:00:00]} d5 {[%emt 0:00:00]} 2. c4 {[%emt 0:00:00]} c6 {[%emt 0:00:00]} 3. d4 {[%emt 0:00:05]} Nf6 {[%emt 0:00:00]} 4. cxd5 {[%emt 0:00:20]} cxd5 {[%emt 0:00:00]} 5. Nc3 {[%emt 0:00:02]} Nc6 {[%emt 0:00:04]} 6. Bf4 {[%emt 0:00:13]} Bf5 {[%emt 0:00:07]} 7. e3 {[%emt 0:00:07]} e6 {[%emt 0:00:07]} 8. Bb5 {[%emt 0:02:46]} Nd7 {[%emt 0:00:02]} 9. O-O {[%emt 0:00:08]} Rc8 {[%emt 0:00:58]} 10. Bg3 {[%emt 0:02:30]} Be7 {[%emt 0:01:03]} 11. Qe2 {[%emt 0:01:32]} O-O {[%emt 0:00:38]} 12. Rad1 {[%emt 0:00:09]} a6 13. Bd3 {[%emt 0:00:43]} Bxd3 {[%emt 0:03:24]} 14. Qxd3 {[%emt 0:00:16]} b5 {[%emt 0:00:02]} 15. e4 {[%emt 0:00:15]} dxe4 {[%emt 0:00:17]} 16. Nxe4 {[%emt 0:00:10]} Nb4 {[%emt 0:00:23]} 17. Qb3 {[%emt 0:00:11]} Qb6 {[%emt 0:01:49]} 18. Nc5 {[%emt 0:01:06]} Nxc5 {[%emt 0:04:59]} 19. Qxb4 {[%emt 0:00:05]} Nd3 {[%emt 0:00:10]} 20. Qxe7 {[%emt 0:00:15]} Nxb2 {[%emt 0:00:01]} 21. Rc1 {[%emt 0:01:01]} Nc4 {[%emt 0:00:07]} 22. h4 {[%emt 0:01:47]} Qa5 {[%emt 0:01:38]} 23. Rc2 {[%emt 0:00:27]} Rce8 {[%emt 0:00:43]} 24. Qb7 {[%emt 0:00:14]} Qa4 {[%emt 0:00:07]} 25. Rfc1 {[%emt 0:00:11]} Rd8 {[%emt 0:00:05]} 26. Bc7 {[%emt 0:01:10]} Rd5 {[%emt 0:00:15]} 27. Bb6 {[%emt 0:00:12]} h6 {[%emt 0:00:30]} 28. Bc5 {[%emt 0:00:14]} Rfd8 {[%emt 0:00:01]} 29. Bb6 {[%emt 0:02:04]} R5d7 {[%emt 0:00:34]} 30. Bc7 {[%emt 0:00:12]} Re7 {[%emt 0:00:26]} 31. Qc6 {[%emt 0:00:17]} Rc8 {[%emt 0:01:08]} 32. Rxc4 {[%emt 0:00:02]} Qxc4 {[%emt 0:00:12]} 33. Rxc4 {[%emt 0:00:06]} bxc4 {[%emt 0:00:00]} 34. Qxc4 {[%emt 0:00:05]} Rcxc7 {[%emt 0:00:04]} 35. Qxa6 {[%emt 0:00:01]} Ra7 {[%emt 0:00:03]} 36. Qe2 {[%emt 0:00:07]} Ra4 {[%emt 0:00:05]} 37. d5 {[%emt 0:00:07]} Raa7 {[%emt 0:00:21]} 38. d6 {[%emt 0:00:07]} Red7 {[%emt 0:00:01]} 39. Qb5 {[%emt 0:00:05]} Rd8 {[%emt 0:00:01]} 40. Ne5 {[%emt 0:00:06]} Rxa2 {[%emt 0:00:13]} 41. Qb7 {[%emt 0:00:11]} Rf8 {[%emt 0:00:02]} 42. d7 {[%emt 0:00:07]} Rd2 {[%emt 0:00:01]} 43. Nc6 {[%emt 0:00:05]} g6 {[%emt 0:00:42]} 44. Qc7 {[%emt 0:00:06]} 1-0

[Event "RUS-chT Rapid Men 2018"]
[Site "Sochi"]
[Date "2018.10.09"]
[Round "8"]
[White "Tekeyev, Zaur"]
[Black "Garifullina, Leya"]
[Result "1-0"]
[WhiteElo "2392"]
[BlackElo "2106"]
[Annotator "NA"]
[PlyCount "91"]
[EventDate "2018.10.05"]
[EventType "swiss"]
[EventCountry "RUS"]
[SourceTitle "playchess.com"]
[Source "ChessBase"]
[SourceQuality "1"]
[TimeControl "900+10"]

1. e4 {[%emt 0:00:00]} e5 {[%emt 0:00:00]} 2. Nf3 {[%emt 0:00:00]} Nc6 {[%emt 0:00:00]} 3. Bc4 {[%emt 0:00:00]} Bc5 {[%emt 0:00:00]} 4. d3 {[%emt 0:00:00]} Nf6 {[%emt 0:00:04]} 5. O-O {[%emt 0:00:00]} d6 {[%emt 0:00:03]} 6. c3 {[%emt 0:00:03]} O-O {[%emt 0:00:09]} 7. Bg5 {[%emt 0:00:48]} h6 {[%emt 0:00:13]} 8. Bh4 {[%emt 0:00:03]} Bb6 {[%emt 0:01:04]} 9. Nbd2 {[%emt 0:00:27]} Be6 {[%emt 0:00:18]} 10. Bb5 {[%emt 0:02:28]} Bd7 {[%emt 0:03:25]} 11. Ba4 {[%emt 0:00:32]} Qe7 {[%emt 0:00:46]} 12. Nc4 {[%emt 0:00:35]} Kh8 {[%emt 0:02:09]} 13. Ne3 {[%emt 0:00:27]} Bxe3 {[%emt 0:01:23]} 14. fxe3 {[%emt 0:00:03]} Nb8 {[%emt 0:00:36]} 15. Bc2 {[%emt 0:00:43]} Bg4 {[%emt 0:00:55]} 16. h3 {[%emt 0:01:23]} Bh5 {[%emt 0:00:41]} 17. g4 {[%emt 0:03:49]} Bg6 {[%emt 0:00:02]} 18. Qe1 {[%emt 0:00:17]} Nbd7 {[%emt 0:00:23]} 19. g5 {[%emt 0:00:04]} hxg5 {[%emt 0:00:58]} 20. Bxg5 {[%emt 0:00:03]} c6 {[%emt 0:00:40]} 21. Nh4 {[%emt 0:00:18]} Bh7 {[%emt 0:00:25]} 22. Nf5 {[%emt 0:00:21]} Qe6 {[%emt 0:00:23]} 23. Qh4 {[%emt 0:00:55]} g6 {[%emt 0:00:46]} 24. Nxd6 {[%emt 0:02:35]} Ng8 {[%emt 0:00:47]} 25. Nxf7+ {[%emt 0:00:53]} Rxf7 {[%emt 0:00:07]} 26. Bb3 {[%emt 0:00:00]} Rxf1+ {[%emt 0:00:23]} 27. Rxf1 {[%emt 0:00:01]} Qe8 {[%emt 0:00:15]} 28. Rf7 {[%emt 0:00:09]} Qxf7 {[%emt 0:00:17]} 29. Bxf7 {[%emt 0:00:02]} Kg7 {[%emt 0:00:08]} 30. Be6 {[%emt 0:00:28]} Nc5 {[%emt 0:00:10]} 31. Bb3 {[%emt 0:02:05]} Nxd3 {[%emt 0:00:16]} 32. Qg4 {[%emt 0:00:25]} Nc5 {[%emt 0:00:10]} 33. Bc2 {[%emt 0:00:09]} a5 {[%emt 0:00:48]} 34. b4 {[%emt 0:00:15]} axb4 {[%emt 0:00:01]} 35. cxb4 {[%emt 0:00:01]} Rxa2 {[%emt 0:00:02]} 36. bxc5 {[%emt 0:00:03]} Rxc2 {[%emt 0:00:02]} 37. Qd7+ {[%emt 0:00:05]} Kh8 {[%emt 0:00:17]} 38. Qd6 {[%emt 0:00:02]} Rc1+ {[%emt 0:00:17]} 39. Kf2 {[%emt 0:00:04]} Rc2+ {[%emt 0:00:08]} 40. Kg3 {[%emt 0:00:02]} Kg7 {[%emt 0:00:11]} 41. Qxe5+ {[%emt 0:00:06]} Kf8 {[%emt 0:00:14]} 42. Qb8+ {[%emt 0:00:05]} Kg7 {[%emt 0:00:05]} 43. Qxb7+ {[%emt 0:00:05]} Kh8 {[%emt 0:00:02]} 44. Qxc6 {[%emt 0:00:08]} Rd2 {[%emt 0:00:07]} 45. Qe6 {[%emt 0:00:06]} Rc2 {[%emt 0:00:12]} 46. Qe5+ {[%emt 0:00:03]} 1-0

[Event "RUS-chT Rapid Men 2018"]
[Site "Sochi"]
[Date "2018.10.09"]
[Round "8"]
[White "Gogolev, Artem"]
[Black "Indjic, Aleksandar"]
[Result "1-0"]
[WhiteElo "2389"]
[BlackElo "2604"]
[Annotator "TA"]
[PlyCount "119"]
[EventDate "2018.10.05"]
[EventType "swiss"]
[EventCountry "RUS"]
[SourceTitle "playchess.com"]
[Source "ChessBase"]
[SourceQuality "1"]

{[%evp 21,119,37,59,33,60,53,86,50,52,56,70,57,103,30,35,0,74,0,0,1,8,-14,-27,-21,28,0,0,0,0,0,0,-49,-50,-66,-72,-66,-68,-71,-73,-118,-118,-279,-277,-279,-280,-285,-239,-280,-161,-150,-66,-67,0,0,0,0,0,0,0,0,0,0,0,0,0,0,0,0,0,0,0,0,41,45,66,0,107,0,342,342,331,0,284,263,325,291,4618,4610,1871,1127,29972,29971,29984,29985,29985,29985,29990,29991,29995,29996]} 1. Nf3 c5 2. c4 Nf6 3. Nc3 Nc6 4. d4 cxd4 5. Nxd4 e6 6. a3 Bc5 7. Nb3 Be7 8. e4 d6 {A33: Symmetrical English: 2 Nf3 Nf6 3 d4 cxd4 4 Nxd4 e6 5 Nc3 Nc6} 9. Be2 O-O 10. O-O b6 11. Be3 Bb7 {LiveBook: 26 Games} 12. Nd4 Ne5 13. f4 Ned7 14. Bf3 Rc8 15. Qe2 Qc7 16. Rac1 {[#]} Rfe8 $146 ({Predecessor:} 16... Qb8 17. g4 Qa8 18. Bf2 g6 19. g5 {1-0 (88) Timofeev,A (2583)-Sjugirov,S (2663) Yaroslavl 2018}) 17. b3 (17. g4 $1 $16) 17... Bf8 $11 18. Bf2 Qb8 (18... a6 $11) 19. Bg3 (19. Rcd1 $16) 19... e5 20. Nf5 g6 21. Ne3 exf4 22. Bxf4 Ne5 23. Ncd5 (23. Qd2 {keeps more tension.} Bg7 24. a4 Nxf3+ 25. gxf3 Nh5 26. Ng4) 23... Nxd5 24. Nxd5 Bxd5 25. cxd5 Bg7 26. Bxe5 Bxe5 27. Rc6 Rxc6 28. dxc6 d5 29. g3 dxe4 30. Qxe4 Bxg3 $1 31. Qxe8+ $2 (31. Qc2 $17 Bf4 32. Bd5) 31... Qxe8 $19 32. hxg3 $17 {[%mdl 4096] Endgame KQ-KRB} Qe5 33. Kg2 h5 34. Rd1 g5 (34... Qb2+ $142 35. Kh3 Qc3) 35. Rd7 $19 g4 (35... h4 $17 36. gxh4 gxh4) 36. Bd5 $15 Qe2+ ({Better is} 36... Qf5 $1 $15 37. Bxf7+ Kh8) 37. Kg1 $11 h4 38. c7 $1 {[%cal Rc7c8]} Qe1+ 39. Kg2 Qe2+ 40. Kg1 $1 Qd1+ 41. Kf2 Qd2+ 42. Kg1 Qe3+ 43. Kf1 Qd3+ 44. Ke1 Qc3+ 45. Ke2 Kg7 46. gxh4 g3 {And now ...Qe5+ would win.} 47. Rxf7+ Kg6 48. h5+ ({White should play} 48. Bc4 $1 $14 Qh8 49. Kf1) 48... Kh6 (48... Kg5 $11 {remains equal.} 49. Bc4 Qb2+ 50. Kd3 Qb1+ 51. Ke3 Qg1+ 52. Ke2 Qg2+ 53. Ke3 Qg1+ 54. Ke4 Qc5) 49. Rf6+ (49. Bc4 $1 $16 Qe5+ 50. Kf3) 49... Kxh5 $2 {[%mdl 8192] [#]} (49... Qxf6 $11 50. c8=Q Qe5+ 51. Kf3 Qxd5+ 52. Kg4 Qe4+ 53. Kxg3 Qe3+ 54. Kg4 Qe4+ 55. Kg3 Qe5+ 56. Kg2 Kxh5) 50. Bf3+ $1 $18 Kg5 51. Rc6 Qb2+ 52. Kd3 Qxb3+ {[#]} 53. Rc3 $1 {[%cal Rc3b3]} Qb5+ $2 (53... Qb1+ 54. Kd4 g2 55. Bxg2 Qd1+ 56. Kc4 b5+ 57. Kb4 (57. Kxb5 Qe2+ 58. Ka4 Qa6+ 59. Kb4 Qb6+ 60. Ka4 Qd4+ 61. Kb3 Qb6+ 62. Kc2 Qf2+ 63. Kd3 Qg3+ 64. Kd4 Qf2+ 65. Kc4 Qe2+ 66. Kb3 Qb5+ 67. Kc2 Qe2+ 68. Kb1 Qd1+ 69. Kb2 Qe2+ 70. Kc1 Qe1+ 71. Kc2 Qe2+ 72. Kb1 Qd1+ 73. Rc1 Qb3+ 74. Ka1 Qxa3+ 75. Kb1 Qb3+ 76. Ka1 Qa3+ 77. Kb1 Qd3+ 78. Kb2 Qb5+ 79. Kc3 Qc5+ 80. Kd2 Qd6+ 81. Ke2 Qe6+ 82. Kd2 Qd6+ 83. Ke2 Qe5+ 84. Kd1 Qd4+ 85. Kc2 Qc4+ 86. Kb2 Qb4+ 87. Ka1 Qa3+ $11) 57... Qd4+ 58. Kb3 Qd1+ 59. Kb2 Qe2+ 60. Rc2 Qe5+ 61. Kb1 Qe1+ 62. Rc1 Qe3) 54. Kc2 Qf5+ 55. Kb2 Qb5+ 56. Ka2 {White mates.} g2 57. c8=Q g1=Q 58. Qg8+ Kf4 59. Qxg1 Qd5+ 60. Bxd5 {Precision: White = 45%, Black = 48%.} 1-0

[Event "RUS-chT Rapid Men 2018"]
[Site "Sochi"]
[Date "2018.10.09"]
[Round "8"]
[White "Ozgibcev, Anatoly"]
[Black "Potapov, Pavel"]
[Result "0-1"]
[WhiteElo "2368"]
[BlackElo "2515"]
[Annotator "ChessBase"]
[PlyCount "71"]
[EventDate "2018.10.05"]
[EventType "swiss"]
[EventCountry "RUS"]
[SourceTitle "playchess.com"]
[Source "ChessBase"]
[SourceQuality "1"]
[TimeControl "900+10"]

1. e4 {[%emt 0:00:00]} c5 {[%emt 0:00:00]} 2. c3 {[%emt 0:00:00]} Nf6 {[%emt 0:00:00]} 3. e5 {[%emt 0:00:00]} Nd5 {[%emt 0:00:01]} 4. d4 {[%emt 0:00:00]} cxd4 {[%emt 0:00:03]} 5. Nf3 {[%emt 0:00:00]} Nc6 {[%emt 0:00:03]} 6. Bc4 {[%emt 0:00:04]} Nb6 {[%emt 0:00:02]} 7. Bb3 {[%emt 0:00:01]} g6 {[%emt 0:00:02]} 8. Ng5 {[%emt 0:01:38]} d5 {[%emt 0:00:07]} 9. cxd4 {[%emt 0:00:10]} Bg7 {[%emt 0:00:20]} 10. O-O {[%emt 0:00:13]} O-O {[%emt 0:00:17]} 11. Nc3 {[%emt 0:00:12]} h6 {[%emt 0:00:41]} 12. Nf3 {[%emt 0:00:02]} Bg4 {[%emt 0:00:04]} 13. Be3 {[%emt 0:00:22]} f6 {[%emt 0:02:05]} 14. Qd3 {[%emt 0:02:40]} Bxf3 {[%emt 0:00:38]} 15. Qxg6 {[%emt 0:00:46]} fxe5 {[%emt 0:02:09]} 16. Bxh6 {[%emt 0:00:22]} Rf7 {[%emt 0:00:06]} 17. gxf3 {[%emt 0:01:42]} Nxd4 {[%emt 0:00:14]} 18. Ne4 {[%emt 0:00:31]} Nxf3+ {[%emt 0:03:03]} 19. Kh1 {[%emt 0:00:03]} Rc8 {[%emt 0:04:34]} 20. Rac1 {[%emt 0:02:02]} Rxc1 {[%emt 0:00:15]} 21. Rxc1 {[%emt 0:00:02]} Qd7 {[%emt 0:00:09]} 22. Rg1 {[%emt 0:03:14]} Nxg1 {[%emt 0:01:36]} 23. Ng5 {[%emt 0:00:44]} Qf5 {[%emt 0:00:02]} 24. Qxf7+ {[%emt 0:00:10]} Qxf7 {[%emt 0:00:01]} 25. Nxf7 {[%emt 0:00:01]} Kxf7 {[%emt 0:00:11]} 26. Bxg7 {[%emt 0:00:39]} Kxg7 {[%emt 0:00:05]} 27. Kxg1 {[%emt 0:00:02]} e4 {[%emt 0:00:02]} 28. Kg2 {[%emt 0:00:15]} Kf6 {[%emt 0:00:02]} 29. Kg3 {[%emt 0:00:15]} e6 {[%emt 0:00:15]} 30. Kf4 {[%emt 0:00:23]} Nd7 {[%emt 0:00:07]} 31. h4 {[%emt 0:01:43]} Ne5 {[%emt 0:00:16]} 32. h5 {[%emt 0:00:28]} Nd3+ {[%emt 0:00:53]} 33. Ke3 {[%emt 0:00:02]} Nxb2 {[%emt 0:00:07]} 34. Kd4 {[%emt 0:00:24]} b6 {[%emt 0:00:31]} 35. h6 {[%emt 0:01:07]} Kg6 {[%emt 0:00:19]} 36. Bxd5 0-1

[Event "RUS-chT Rapid Men 2018"]
[Site "Sochi"]
[Date "2018.10.09"]
[Round "8"]
[White "Ivlev, Aleksey"]
[Black "Derjabin, Ilja"]
[Result "1-0"]
[WhiteElo "2326"]
[BlackElo "2345"]
[Annotator "NA"]
[PlyCount "89"]
[EventDate "2018.10.05"]
[EventType "swiss"]
[EventCountry "RUS"]
[SourceTitle "playchess.com"]
[Source "ChessBase"]
[SourceQuality "1"]
[TimeControl "900+10"]

1. d4 {[%emt 0:00:00]} Nf6 {[%emt 0:00:00]} 2. c4 {[%emt 0:00:00]} d6 {[%emt 0:00:00]} 3. Nc3 {[%emt 0:00:00]} Bf5 {[%emt 0:00:00]} 4. g3 {[%emt 0:00:08]} e5 {[%emt 0:00:10]} 5. Bg2 {[%emt 0:00:05]} c6 {[%emt 0:00:01]} 6. e4 {[%emt 0:00:19]} Bg6 {[%emt 0:00:27]} 7. Nge2 {[%emt 0:00:01]} Nbd7 {[%emt 0:00:44]} 8. O-O {[%emt 0:00:04]} Be7 {[%emt 0:00:01]} 9. h3 {[%emt 0:00:01]} h6 {[%emt 0:00:36]} 10. b3 {[%emt 0:01:05]} O-O {[%emt 0:00:06]} 11. Bb2 {[%emt 0:00:02]} Re8 {[%emt 0:00:08]} 12. Re1 {[%emt 0:00:23]} Bf8 {[%emt 0:00:20]} 13. d5 {[%emt 0:00:16]} c5 {[%emt 0:00:18]} 14. Nc1 {[%emt 0:00:04]} Bh7 {[%emt 0:00:40]} 15. Nd3 {[%emt 0:00:04]} g5 {[%emt 0:00:06]} 16. a3 {[%emt 0:00:19]} Bg7 {[%emt 0:00:03]} 17. b4 {[%emt 0:00:01]} b6 {[%emt 0:00:04]} 18. a4 {[%emt 0:05:17]} a5 {[%emt 0:03:28]} 19. bxc5 {[%emt 0:00:02]} bxc5 {[%emt 0:00:11]} 20. Nb5 {[%emt 0:00:01]} Nb6 {[%emt 0:00:01]} 21. Qc2 {[%emt 0:00:36]} Bf8 {[%emt 0:00:04]} 22. Bc1 {[%emt 0:01:37]} Nfd7 {[%emt 0:01:35]} 23. Bd2 {[%emt 0:00:35]} f5 {[%emt 0:00:17]} 24. f3 {[%emt 0:00:00]} Nf6 {[%emt 0:00:14]} 25. Nc1 {[%emt 0:00:07]} fxe4 {[%emt 0:02:03]} 26. fxe4 {[%emt 0:00:01]} g4 {[%emt 0:00:03]} 27. h4 {[%emt 0:00:20]} Nh5 {[%emt 0:00:16]} 28. Ra3 {[%emt 0:00:23]} Be7 {[%emt 0:01:28]} 29. Bxh6 {[%emt 0:00:19]} Bxh4 {[%emt 0:00:01]} 30. Qe2 {[%emt 0:00:42]} Kh8 {[%emt 0:02:03]} 31. Qxg4 {[%emt 0:00:13]} Bxg3 {[%emt 0:00:16]} 32. Qxh5 {[%emt 0:00:39]} Rg8 {[%emt 0:00:27]} 33. Rf1 {[%emt 0:00:20]} Bf4 {[%emt 0:01:08]} 34. Bxf4 {[%emt 0:00:18]} exf4 {[%emt 0:00:01]} 35. Rxf4 {[%emt 0:00:37]} Nxc4 {[%emt 0:00:08]} 36. Rh3 {[%emt 0:00:03]} Rg7 {[%emt 0:00:01]} 37. Nd3 {[%emt 0:01:42]} Qg8 {[%emt 0:00:15]} 38. Rf2 {[%emt 0:00:37]} Rf8 {[%emt 0:00:21]} 39. Qe2 {[%emt 0:00:18]} Re8 {[%emt 0:01:06]} 40. Kh1 {[%emt 0:00:19]} Ree7 {[%emt 0:00:46]} 41. Nf4 {[%emt 0:00:16]} Ne5 {[%emt 0:00:00]} 42. Ne6 {[%emt 0:00:04]} Rgf7 {[%emt 0:00:34]} 43. Nxd6 {[%emt 0:00:04]} Rxf2 {[%emt 0:00:05]} 44. Qxf2 {[%emt 0:00:01]} Ng4 {[%emt 0:00:12]} 45. Qb2+ {[%emt 0:00:04]} 1-0

[Event "RUS-chT Rapid Men 2018"]
[Site "Sochi"]
[Date "2018.10.09"]
[Round "8"]
[White "Inozemtsev, Sergei"]
[Black "Belyakov, Bogdan"]
[Result "1-0"]
[WhiteElo "2310"]
[BlackElo "2458"]
[Annotator "ChessBase"]
[PlyCount "89"]
[EventDate "2018.10.05"]
[EventType "swiss"]
[EventCountry "RUS"]
[SourceTitle "playchess.com"]
[Source "ChessBase"]
[SourceQuality "1"]
[TimeControl "900+10"]

1. e4 {[%emt 0:00:00]} e5 {[%emt 0:00:00]} 2. Nf3 {[%emt 0:00:00]} Nc6 {[%emt 0:00:00]} 3. Bb5 {[%emt 0:00:07]} Nf6 {[%emt 0:00:00]} 4. d3 {[%emt 0:00:18]} Bc5 {[%emt 0:00:00]} 5. c3 {[%emt 0:01:30]} O-O {[%emt 0:00:04]} 6. O-O {[%emt 0:00:06]} d6 {[%emt 0:00:02]} 7. Nbd2 {[%emt 0:01:39]} a6 {[%emt 0:00:02]} 8. Bxc6 {[%emt 0:00:13]} bxc6 {[%emt 0:00:03]} 9. Nb3 {[%emt 0:00:03]} Bb6 {[%emt 0:00:24]} 10. Be3 {[%emt 0:00:25]} Re8 {[%emt 0:01:14]} 11. c4 {[%emt 0:00:58]} h6 {[%emt 0:01:31]} 12. c5 {[%emt 0:01:01]} dxc5 {[%emt 0:01:29]} 13. Rc1 {[%emt 0:00:29]} Rb8 {[%emt 0:02:41]} 14. Bxc5 {[%emt 0:01:05]} Be6 {[%emt 0:00:04]} 15. Bxb6 {[%emt 0:00:22]} Rxb6 {[%emt 0:00:12]} 16. Na5 {[%emt 0:00:05]} Rxb2 {[%emt 0:01:15]} 17. Nxc6 {[%emt 0:00:52]} Qd6 {[%emt 0:00:34]} 18. Ncxe5 {[%emt 0:00:21]} Rxa2 {[%emt 0:00:07]} 19. Rc6 {[%emt 0:02:12]} Qd8 {[%emt 0:00:04]} 20. Qb1 {[%emt 0:00:25]} Ra3 {[%emt 0:02:32]} 21. Qc1 {[%emt 0:00:15]} Ra2 {[%emt 0:00:20]} 22. Qb1 {[%emt 0:00:19]} Ra3 {[%emt 0:00:02]} 23. Qc1 {[%emt 0:00:14]} Ra2 {[%emt 0:00:28]} 24. Rxc7 {[%emt 0:01:23]} Ng4 {[%emt 0:00:06]} 25. Nxg4 {[%emt 0:00:57]} Bxg4 {[%emt 0:00:03]} 26. Qf4 {[%emt 0:00:08]} Bh5 {[%emt 0:00:55]} 27. Rc3 {[%emt 0:03:08]} Qa5 {[%emt 0:00:36]} 28. Rcc1 {[%emt 0:00:09]} Ra3 {[%emt 0:00:16]} 29. Rfd1 {[%emt 0:00:14]} Rd8 {[%emt 0:00:01]} 30. g4 {[%emt 0:00:02]} g5 {[%emt 0:01:58]} 31. Qg3 {[%emt 0:00:17]} Bg6 {[%emt 0:00:02]} 32. Ne5 {[%emt 0:00:02]} Rc3 {[%emt 0:00:31]} 33. Nc6 {[%emt 0:00:10]} Rxc1 {[%emt 0:00:03]} 34. Rxc1 {[%emt 0:00:14]} Qd2 {[%emt 0:00:10]} 35. Ne7+ {[%emt 0:00:16]} Kh7 {[%emt 0:00:13]} 36. Qc7 {[%emt 0:00:16]} Qxd3 {[%emt 0:00:16]} 37. Nxg6 {[%emt 0:00:15]} Kxg6 {[%emt 0:00:21]} 38. Rc6+ {[%emt 0:00:02]} f6 {[%emt 0:00:50]} 39. h3 {[%emt 0:00:43]} Qxh3 {[%emt 0:01:24]} 40. Qxd8 {[%emt 0:00:12]} Qxg4+ {[%emt 0:00:02]} 41. Kf1 {[%emt 0:00:09]} Qh3+ {[%emt 0:00:02]} 42. Ke1 {[%emt 0:00:03]} Qh1+ {[%emt 0:00:03]} 43. Kd2 {[%emt 0:00:01]} Kh5 {[%emt 0:00:04]} 44. Qxf6 {[%emt 0:00:08]} Qb1 {[%emt 0:00:21]} 45. Qf3+ {[%emt 0:00:14]} 1-0

[Event "RUS-chT Rapid Men 2018"]
[Site "Sochi"]
[Date "2018.10.09"]
[Round "8"]
[White "Kurbedinov, Ramis"]
[Black "Uzhva, Andrey"]
[Result "1/2-1/2"]
[WhiteElo "2305"]
[BlackElo "2270"]
[Annotator "NA"]
[PlyCount "98"]
[EventDate "2018.10.05"]
[EventType "swiss"]
[EventCountry "RUS"]
[SourceTitle "playchess.com"]
[Source "ChessBase"]
[SourceQuality "1"]
[TimeControl "900+10"]

1. Nf3 {[%emt 0:00:00]} Nf6 {[%emt 0:00:00]} 2. c4 {[%emt 0:00:00]} g6 {[%emt 0:00:00]} 3. Nc3 {[%emt 0:00:00]} Bg7 {[%emt 0:00:08]} 4. e4 {[%emt 0:00:03]} c5 {[%emt 0:00:03]} 5. d4 {[%emt 0:00:26]} cxd4 {[%emt 0:00:03]} 6. Nxd4 {[%emt 0:00:01]} d6 {[%emt 0:00:38]} 7. Be2 {[%emt 0:00:07]} Nc6 {[%emt 0:00:04]} 8. Nc2 {[%emt 0:00:08]} O-O {[%emt 0:01:48]} 9. O-O {[%emt 0:00:02]} h6 {[%emt 0:01:55]} 10. Be3 {[%emt 0:00:12]} b6 {[%emt 0:00:14]} 11. f3 {[%emt 0:00:36]} Bb7 {[%emt 0:00:05]} 12. Qd2 {[%emt 0:00:05]} Kh7 {[%emt 0:00:01]} 13. Rac1 {[%emt 0:01:02]} Rc8 {[%emt 0:00:03]} 14. b3 {[%emt 0:00:14]} Qd7 {[%emt 0:01:56]} 15. Rfd1 {[%emt 0:00:07]} Rfd8 {[%emt 0:00:01]} 16. Nd5 {[%emt 0:00:48]} Ne8 {[%emt 0:00:06]} 17. Nd4 {[%emt 0:00:31]} e6 {[%emt 0:00:49]} 18. Nc3 {[%emt 0:00:13]} Qe7 {[%emt 0:00:31]} 19. Ncb5 {[%emt 0:00:30]} Ba8 {[%emt 0:01:13]} 20. Bf1 {[%emt 0:00:37]} Rd7 {[%emt 0:00:33]} 21. Qf2 {[%emt 0:00:17]} Nb4 {[%emt 0:00:26]} 22. Nc3 {[%emt 0:00:58]} Rdd8 {[%emt 0:00:43]} 23. Rd2 {[%emt 0:01:18]} Nc6 {[%emt 0:00:54]} 24. Rcd1 {[%emt 0:00:20]} Ne5 {[%emt 0:00:04]} 25. a4 {[%emt 0:00:36]} Nc6 {[%emt 0:00:44]} 26. Nxc6 {[%emt 0:00:14]} Bxc6 {[%emt 0:00:01]} 27. Bd4 {[%emt 0:00:07]} Qg5 {[%emt 0:00:40]} 28. Bxg7 {[%emt 0:00:16]} Kxg7 {[%emt 0:00:01]} 29. Nb5 {[%emt 0:00:09]} Bxb5 {[%emt 0:00:28]} 30. axb5 {[%emt 0:00:01]} e5 {[%emt 0:00:41]} 31. Ra2 {[%emt 0:00:33]} Rc7 {[%emt 0:00:04]} 32. g3 {[%emt 0:00:35]} Rdd7 {[%emt 0:00:14]} 33. h4 {[%emt 0:00:22]} Qf6 {[%emt 0:00:05]} 34. Bh3 {[%emt 0:00:07]} Re7 {[%emt 0:00:01]} 35. Kg2 {[%emt 0:00:11]} Kf8 {[%emt 0:00:37]} 36. Qd2 {[%emt 0:00:56]} Kg7 {[%emt 0:00:05]} 37. Rda1 {[%emt 0:00:59]} Kh7 {[%emt 0:00:08]} 38. Ra6 {[%emt 0:00:19]} Qg7 {[%emt 0:00:20]} 39. Qd5 {[%emt 0:00:31]} h5 {[%emt 0:00:28]} 40. Qa8 {[%emt 0:00:08]} f6 {[%emt 0:00:11]} 41. Qd8 {[%emt 0:00:28]} Qh6 {[%emt 0:00:29]} 42. Qa8 {[%emt 0:00:50]} Qd2+ {[%emt 0:00:01]} 43. Kh1 {[%emt 0:00:08]} Qf2 {[%emt 0:00:01]} 44. Rxa7 {[%emt 0:01:42]} Qxg3 {[%emt 0:00:14]} 45. Bg2 {[%emt 0:00:03]} Qxh4+ {[%emt 0:00:11]} 46. Kg1 {[%emt 0:00:01]} Rxa7 {[%emt 0:00:58]} 47. Rxa7 {[%emt 0:00:01]} Qe1+ {[%emt 0:00:01]} 48. Kh2 {[%emt 0:00:02]} Qh4+ {[%emt 0:00:01]} 49. Kg1 {[%emt 0:00:01]} Qe1+ 1/2-1/2